Представление документа в формате RUSMARC

ПолеНазваниеЗначение
  Тип записи a
  Библиографический уровень a
001 Контрольный номер c1408a9a977e43859ef2b763f77aaa9d
005 Дата корректировки 20260527125753.1
100 Данные общей обработки __
a Данные общей обработки 20260527 ||| 0rusy0189 ca
101 Язык документа 0_
a Язык текста rus
102 Страна публикации __
a Страна публикации RU
200 Заглавие и сведения об ответственности 1_
a Заглавие Ялтинские вершины
e Сведения, относящиеся к заглавию [о природе и животном мире Ялтинского горно-лесного заповедника]
461 Уровень набора _0
1 2000
a Филя
463 Уровень физической единицы _0
1 2000
a № 5
v С. 16-19 : фот.
1 2101
d 2026
1 001d833c51660854efcb0b964caa823bd7a
606 Тематические рубрики 0_
a Основная рубрика Заповедники. Заказники. Национальные парки
y Географическая подрубрика Крым, Республика, Россия
z Хронологическая подрубрика 21 в.
610 Ключевые слова 0_
a Ключевые слова заповедники, русские заповедники, достопримечательности Крыма, достопримечательности России, достопримечательности Ялты, Ялтинский горно-лесной заповедник, горы, яйлы (понятие), водопады, пещеры, плато, горы Крыма
686 Индексы других классификаций __
a Классификационный индекс 28.088л64
801 Источник записи _0
a Страна RU
b Организация УОБДЮ
c Дата составления 20260527
g Правила каталогизации RCR
801 Источник записи _1
a Страна RU
b Организация УОБДЮ
c Дата составления 20260527
g Правила каталогизации RCR
901 Тип документа __
t Тип документа b
w Контрольный № источника d833c51660854efcb0b964caa823bd7a
905 Данные по созданию БЗ __
b Логин пользователя, который создал БЗ ibo10